000
00356nam a2200157Ia 4500
008
230605s1987 xx 000 0 und d
041
_a
eng
100
_a
George J. Banwart
245
_a
Basic Food Microbiology
260
_b
C.B.S.Publication
_c
1987
300
_a
781p
365
_h
10
520
_a
General
520
_a
Hard Board
650
_a
C.S.
999
_c
419948
_d
419948